| Tag |
First Indicator |
Second Indicator |
Subfields |
| LEADER |
00000cam a2200000 4500 |
| 001 |
in00000031819 |
| 005 |
20151007063127.0 |
| 008 |
751006s1951 enk 00000 eng |
| 010 |
|
|
|a 52001387
|
| 035 |
|
|
|a (OCoLC)01679768
|
| 035 |
|
|
|9 AAD6629AM
|
| 040 |
|
|
|a DLC
|c DZM
|d TXA
|d UtOrBLW
|
| 049 |
|
|
|a TXAM
|c 1 [202131], 2 [208157]
|
| 050 |
0 |
0 |
|a PN99.G7
|b A78
|
| 092 |
|
|
|a 820
|b A873en
|
| 100 |
1 |
|
|a Atkins, J. W. H.
|q (John William Hey),
|d 1874-1951.
|
| 245 |
1 |
0 |
|a English literary criticism :
|b 17th and 18th centuries.
|
| 264 |
|
1 |
|a London :
|b Methuen ;
|a New York :
|b Barnes & Noble,
|c [1951]
|
| 300 |
|
|
|a xi, 383 pages ;
|c 23 cm.
|
| 336 |
|
|
|a text
|b txt
|2 rdacontent
|
| 337 |
|
|
|a unmediated
|b n
|2 rdamedia
|
| 338 |
|
|
|a volume
|b nc
|2 rdacarrier
|
| 650 |
|
0 |
|a Criticism
|z Great Britain
|x History.
|
| 999 |
|
|
|a MARS
|
| 999 |
f |
f |
|s 4944264a-048e-30df-b21c-a9d14a681504
|i 131563f4-fb2e-353b-ac7e-d62be167023d
|t 0
|
| 952 |
f |
f |
|p ric
|a Texas A&M University
|b Rellis Campus
|c Joint Library Facility
|d Remote Storage
|t 0
|e PN99.G7 A78
|h Library of Congress classification
|i unmediated -- volume
|m A14801266258
|
| 998 |
f |
f |
|a PN99.G7 A78
|t 0
|l Remote Storage
|